000 00336nam a22001457a 4500
020 _a81-7439-017-0
082 _a001
_bBEC/H
100 _aBECKNER,CHRISANNE
245 _a100 GREAT CITIES OF WORLD HISTORY
250 _aFIRST
260 _aNEW DELHI
_bGEMINI BOOKS
300 _a112
650 _aGREAT CITIES
_zNEW DELHI
942 _cBK
999 _c6563
_d6563